000 00719nam a2200253 i 4500
003 DO-SdBNP
005 20260302075716.0
007 ta
008 260302b2011 dr ||||| |||| 00| 0 spa d
020 _a9789945473247
040 _aDO-SdBNP
_bspa
_cBNPHU
_erda
041 _aspa
082 4 _axxx
_bxxx
_222
100 _aRivera Juliao, Ángel,
_d1951-
_eautor
_4aut.
_926773
245 1 0 _aTierra vertical /
_cÁngel Rivera Juliao
264 _aSanto Domingo :
_bSantuario,
_c2011.
300 _a98 páginas ;
_c21 cm.
336 _atexto
_btxt
_2rdacontent
337 _asin mediación
_bn
_2rdamedia
338 _avolumen
_bnc
_2rdacarrier
590 _aInventariado, 2026/BT
910 _aBtavárez
942 _2ddc
_cLBS1
999 _c60395
_d60395